|
|
|
|
| LEADER |
00000nab a2200000uu 4500 |
| 001 |
vtls010876509 |
| 003 |
SK-MaSNL |
| 005 |
20260303163244.0 |
| 008 |
230303|1972 xo |||||||||||||||||eng| |
| 015 |
|
|
|a SNBRB
|
| 035 |
|
|
|a (urnnbn)urn:nbn:sk:snk:ar-006a84
|
| 035 |
|
|
|a (uuid)6d10932c-1e0b-442b-90ed-4f6eac0a6b6c
|
| 035 |
|
|
|a urn:nbn:sk:snk-ab7q4p
|
| 040 |
|
|
|a SNKBUCL
|b slo
|c SNKBUCL
|e AACR2
|
| 041 |
0 |
|
|a eng
|
| 044 |
|
|
|a xo
|c SK
|
| 100 |
1 |
|
|a Vojtko, Ján,
|d 1940-
|4 aut
|9 213458
|
| 245 |
1 |
0 |
|a Hydrogenation of Chlorinated Butadienes
|c J. Vojtko, M. Hrušovský
|
| 700 |
1 |
|
|a Hrušovský, Mikuláš,
|d 1916-2003
|4 aut
|9 57606
|
| 700 |
1 |
|
|a Farkaš, V.
|4 trl
|9 1127369
|
| 773 |
0 |
|
|t Chemické zvesti
|g Roč. 26, č. 5 (1972), s. 466-468
|
| 958 |
|
|
|a OND
|
| 958 |
|
|
|a EUIPO
|
| 958 |
|
|
|a article8
|
| 999 |
|
|
|c 2059526
|d 2061456
|